La comunidad indígena /

محفوظ في:
التفاصيل البيبلوغرافية
المؤلف الرئيسي: Caso, Alfonso (autor)
مؤلفون آخرون: Aguirre Beltrán, Gonzalo (prólogo) (prólogo)
التنسيق: كتاب
اللغة:الإسبانية
منشور في: México : Secretaría de Educación Pública, 1980, c1971
الوسوم: إضافة وسم
لا توجد وسوم, كن أول من يضع وسما على هذه التسجيلة!

MARC

LEADER 00000nam^a2200000^a^4500
001 000628489
005 20260226000000.0
009 20260310134113.735
020 |a 968-13-0672-4 
037 |a Acervo Xavier Clavigero 
041 |a ESP 
091 |a FHG. 01433 
100 |a Caso, Alfonso  |e (autor) 
245 1 3 |a La comunidad indígena / 
264 4 |a México :  |b Secretaría de Educación Pública,  |c 1980, c1971 
300 |a 244 p. 
336 |a texto  |b txt  |2 rdacontenido 
337 |a sin mediación  |b n  |2 rdamedio 
338 |a volumen  |b nc  |2 rdasoporte 
649 |a XX 
700 |a Aguirre Beltrán, Gonzalo  |e (prólogo) 
910 |a Fondo Humberto García Bedoy S.J. 
920 |a Impresos - Libros 
930 |a Fondos Especiales 
905 |a 148 
901 |a 628725-10  |b IT2  |c ESP  |i D  |u 20260226 
902 |a https://opac.biblio.iteso.mx/vufind/Record/000628489